Industrial air pollution engineering

Bibliographic Details
Main Author: Cavaseno, Vincent (Author)
Corporate Author: Chemical Engineering
Format: Book
Published: New York McGraw-Hill 1980
Subjects:

MARC

LEADER 00000cam a2200000 7i4500
001 0000000272
008 021118n
020 |a 0070106932 
090 0 0 |a TD883  |b .I393 
245 0 0 |a Industrial air pollution engineering   |c edited by Vincent Cavaseno and the Staff of Chemical Engineering 
260 2 |a New York   |b McGraw-Hill  |c 1980 
300 |a 298 p. ;  |c 28 cm. 
650 0 |a Air  |x Pollution 
650 0 |a Air  |x Purification 
650 0 |a Factory and trade waste 
700 0 |a Cavaseno, Vincent  |e author 
710 0 0 |a Chemical Engineering 
999 |a 1000035532  |b Book  |c OPEN SHELF (30 DAYS)  |e Gong Badak Campus